000 00148nam a22000857a 4500
082 _a823
100 _aSUDIP N
245 _aTHE FROG PRINCE
942 _cBK
999 _c8185
_d8185